Home Print Resources E-Books E-Journals IIMT Lecture Series Library Membership Form Book Recommendation Form Campus Tour Take AdmissionAbout Us Contact Us

PRODUCTS PLANNING AND CONTROL (Record no. 1855)

000 -LEADER
fixed length control field 00333nam a2200145Ia 4500
003 - CONTROL NUMBER IDENTIFIER
control field OSt
005 - DATE AND TIME OF LATEST TRANSACTION
control field 20240322125210.0
008 - FIXED-LENGTH DATA ELEMENTS--GENERAL INFORMATION
fixed length control field 170523s9999 xx 000 0 und d
020 ## - INTERNATIONAL STANDARD BOOK NUMBER
International Standard Book Number 9788120350847
040 ## - CATALOGING SOURCE
Transcribing agency IIMT UNIVERSITY
100 ## - MAIN ENTRY--PERSONAL NAME
Personal name MUKHOPADHYAY
245 #0 - TITLE STATEMENT
Title PRODUCTS PLANNING AND CONTROL
260 ## - PUBLICATION, DISTRIBUTION, ETC.
Name of publisher, distributor, etc. PHI
942 ## - ADDED ENTRY ELEMENTS (KOHA)
Source of classification or shelving scheme
Koha item type Book Bank
Holdings
Withdrawn status Lost status Source of classification or shelving scheme Damaged status Not for loan Home library Current library Date acquired Barcode Date last seen Uniform Resource Identifier Price effective from Koha item type
          IIMT University Central Library Meerut IIMT University Central Library Meerut 05/31/2017 01-B-9023 05/31/2017 MARKETING MANAGEMENT 05/31/2017 Book Bank
          IIMT University Central Library Meerut IIMT University Central Library Meerut 05/31/2017 01-B-9024 05/31/2017 MARKETING MANAGEMENT 05/31/2017 Book Bank
          IIMT University Central Library Meerut IIMT University Central Library Meerut 05/31/2017 01-B-9025 05/31/2017 MARKETING MANAGEMENT 05/31/2017 Book Bank
          IIMT University Central Library Meerut IIMT University Central Library Meerut 05/31/2017 01-B-9026 05/31/2017 MARKETING MANAGEMENT 05/31/2017 Book Bank
          IIMT University Central Library Meerut IIMT University Central Library Meerut 05/31/2017 01-B-9027 05/31/2017 MARKETING MANAGEMENT 05/31/2017 Book Bank
IIMT, Central Library. All Rights Reserved IIMT,UNIVERSITY © 2023
Implemented and Customised by I CLOUDE EMS
You Are OPAC Visitor No
free web counter

Powered by Koha